| 000 | 01338cam a2200325I 4500 | ||
|---|---|---|---|
| 001 | hereliesleonards00sill | ||
| 003 | CaSfIA | ||
| 005 | 20210118095923.0 | ||
| 007 | cr|||| | ||
| 008 | 720810s1959 nyua 000 0aeng | ||
| 010 | _a 59014761 | ||
| 040 |
_aDLC _cOUN _dSER _dSTF _dUPM _dCaSfIA |
||
| 035 | _a(OCoLC)377746 | ||
| 050 | 0 | 4 |
_aPN2287.S38 _bA3 |
| 082 | _a927.92 | ||
| 100 | 1 | _aSillman, Leonard. | |
| 245 | 1 | 0 |
_aHere lies Leonard Sillman, _h[electronic resource] _bstraightened out at last; an autobiography. |
| 250 | _a[1st ed.] | ||
| 260 |
_aNew York, _bCitadel Press _c[1959] |
||
| 300 |
_a377 p. _billus. _c22 cm. |
||
| 530 | _aAlso issued online. | ||
| 600 | 1 | 0 | _aSillman, Leonard. |
| 856 | 4 | 1 |
_uhttp://www.archive.org/details/hereliesleonards00sill _zFree eBook from the Internet Archive |
| 856 | 4 | 2 |
_uhttp://www.openlibrary.org/books/OL5776290M _zAdditional information and access via Open Library |
| 029 | 1 |
_aAU@ _b000006102503 |
|
| 029 | 1 |
_aAU@ _b000028127758 |
|
| 942 | _cEB | ||
| 506 | _fНеобхідна авторизація на https://archive.org/ (створення облікового запису безкоштовно) | ||
| 506 | _fНеобхідна авторизація на https://openlibrary.org/ (створення облікового запису безкоштовно) | ||
| 999 |
_c506158 _d506158 |
||